000 00489nam a2200181Ia 4500
005 20250508152523.0
008 008 250505s9999 xx 000 0 eng d
037 _aTextual
040 _aFEDL
_beng
_cFEDL
041 _aeng
_2eng
084 _a370.942, CEN
_qFEDL
245 0 _aEducation in Britain
260 _aLondon, UK
_bCentral Office of Information
_c1958
300 _a59p.
650 _aEducation
942 _cTEXL
_h370.942, CEN
999 _c1336955
_d1336955